Gemeinden von Hallein - Statistiken

Allgemein
  • Dieses Quiz wurde 250 mal gespielt
  • Das Durchschnittsergebnis liegt bei 9 aus 13
Antwortstatistiken
Einwohner Gemeinde % Korrekt
21.170 Hallein
100%
7.334 Kuchl
90%
4.287 Golling an der Salzach
82%
4.659 Puch bei Hallein
77%
5.909 Abtenau
76%
1.747 St. Koloman
68%
3.571 Adnet
65%
2.220 Annaberg-Lungötz
59%
2.073 Bad Vigaun
56%
884 Krispl
56%
4.365 Oberalm
56%
772 Rußbach am Paß Gschütt
56%
1.383 Scheffau am Tennengebirge
55%
Keine übereinstimmenden Quizze gefunden
Verteilung der Resultate
Anzahl Personen mit jedem Resultat
Perzentil nach korrekt beantworteten Fragen
Ihre Resultats-Entwicklung
Sie haben dieses Quiz noch nicht gespielt